| 000 | 00596cam a22002171 4500 | ||
|---|---|---|---|
| 001 | 7444735 | ||
| 005 | 20180315045348.0 | ||
| 008 | 720628s1953 nyu b 000 0 eng | ||
| 010 | _a 53009139 | ||
| 035 | _a(OCoLC)343743 | ||
| 040 |
_aDLC _cOAU _dOCoLC _dDLC |
||
| 041 | _aeng | ||
| 080 | _a780.922 | ||
| 082 | 0 | 0 |
_a780.922 CRO _222 |
| 100 | 1 | _a45 | |
| 101 | _aMUZ | ||
| 245 | 1 | 0 |
_aEncyclopedia of the great composers and their music _c[by] Milton Cross and David Ewen. |
| 504 | _aBibliography: p. [965]-977. | ||
| 906 |
_a7 _bcbc _coclcrpl _du _encip _f19 _gy-gencatlg |
||
| 942 |
_2ddc _cBK |
||
| 999 |
_c45085 _d45085 |
||